000
00293nam a2200121Ia 4500
008
190216s9999||||xx |||||||||||||| ||und||
100
_a
Aleyamma Thomas
245
0
_a
Tales Of Our Time
260
_b
Macmillan India Ltd
_c
1986
300
_a
66p
650
_a
English Short Stories
942
_c
BK
999
_c
13437
_d
13437